Disaster Management: (Record no. 202579)

MARC details
000 -LEADER
fixed length control field 00712nam a22002177a 4500
005 - DATE AND TIME OF LATEST TRANSACTION
control field 20240502155932.0
010 ## - LCCN (DPL NO)
LC control number ENG-140263
020 ## - INTERNATIONAL STANDARD BOOK NUMBER
International Standard Book Number 9789381006757
Terms of availability 400
035 ## - SYSTEM CONTROL NUMBER
System control number EN-123795
037 ## - SOURCE OF ACQUISITION
Source of stock number/acquisition DBAD
082 ## - DEWEY DECIMAL CLASSIFICATION NUMBER
Classification number 363.34
245 ## - TITLE STATEMENT
Title Disaster Management:
Remainder of title ISSUES&CHALLENGES/
Statement of responsibility, etc Edt. By S. Eswari; Yasodharan Suresh [and] Rajib Bhaduri
250 ## - EDITION STATEMENT
Edition statement First
260 ## - PUBLICATION, DISTRIBUTION, ETC. (IMPRINT)
Place of publication, distribution, etc CHENNAI
Name of publisher, distributor, etc Semmoodhai Pathippagam
Date of publication, distribution, etc 2014
270 ## - ADDRESS
Address A3, Abirami Nivas, No.43, Valmiki Street, East Tambaram,
City Chennai
Postal code 600059
300 ## - PHYSICAL DESCRIPTION
Extent X11,467p.
Dimensions 21cm(PB)
700 ## - ADDED ENTRY--PERSONAL NAME
Personal name Eswari, S.
9 (RLIN) 65511
700 ## - ADDED ENTRY--PERSONAL NAME
Personal name Suresh, Yasodharan
9 (RLIN) 65512
700 ## - ADDED ENTRY--PERSONAL NAME
Personal name Bhaduri, Rajib
9 (RLIN) 65513
942 ## - ADDED ENTRY ELEMENTS (KOHA)
Source of classification or shelving scheme Dewey Decimal Classification
Item type English Books
Classification part 363.34
Call number suffix DIS
Holdings
Withdrawn status Lost status Not for loan Collection code Home library Current library Date acquired Source of acquisition Cost, normal purchase price Full call number Barcode Copy number Cost, replacement price Koha item type
      Non-fiction Ashok Vihar Ashok Vihar 02/05/2024 DBAD 400.00 363.34 DIS EN-123795 1 400.00 English Books

© Delhi Public Library
Hit Counter
free hit counter